| Tag |
First Indicator |
Second Indicator |
Subfields |
| LEADER |
00000cam a2200000 a 4500 |
| 001 |
in00000002051 |
| 007 |
he bmb024bbca |
| 008 |
990215s1998 dcu bb f000 0 eng c |
| 005 |
20230309222543.4 |
| 035 |
|
|
|a (OCoLC)ocm42584321
|
| 035 |
|
|
|9 AJE8166AM
|
| 035 |
|
|
|a in00000002051
|
| 037 |
|
|
|a 160192
|b GAO (202) 512-6000 (voice); (202) 512-6061 (Fax); (202) 512-2537 (TDD)
|f paper copy
|
| 040 |
|
|
|a EEX
|c EEX
|d GPO
|d MvI
|d UtOrBLW
|
| 042 |
|
|
|a pcc
|
| 043 |
|
|
|a n-us---
|
| 049 |
|
|
|a UMIC
|a WWW
|
| 074 |
|
|
|a 0546-D-01 (MF)
|
| 074 |
|
|
|a 0546-D-01 (online)
|
| 086 |
0 |
|
|a GA 1.5/2:T-AIMD-98-128
|
| 100 |
1 |
|
|a Dodaro, Gene L.
|
| 245 |
1 |
0 |
|a U.S. government financial statements :
|b results of GAO's fiscal year 1997 audit : statement of Gene L. Dodaro, Assistant Comptroller General, Accounting and Information Management Division, before the Subcommittee on Government Management, Information, and Technology, Committee on Government Reform and Oversight, House of Representatives /
|c United States General Accounting Office.
|
| 246 |
3 |
0 |
|a Results of GAO's fiscal year 1997 audit
|
| 246 |
3 |
|
|a US government financial statements
|
| 264 |
|
1 |
|a Washington, D.C. (441 G St., NW, Room LM, Washington 20548) :
|b U.S. General Accounting Office,
|c [1998]
|
| 300 |
|
|
|a 14 pages, 2 unnumbered pages ;
|c 28 cm.
|
| 336 |
|
|
|a text
|b txt
|2 rdacontent
|
| 337 |
|
|
|a microform
|b h
|2 rdamedia
|
| 338 |
|
|
|a microfiche
|b he
|2 rdacarrier
|
| 490 |
1 |
|
|a Testimony ;
|v GAO/T-AIMD-98-128
|
| 500 |
|
|
|a "April 1, 1998."
|
| 500 |
|
|
|a Shipping list number 99-0233-M.
|
| 500 |
|
|
|a Shipping List Date: 02/08/99
|
| 504 |
|
|
|a Includes bibliographical references.
|
| 533 |
|
|
|a Microfiche.
|b [Washington, D.C.] :
|c U.S. General Accounting Office,
|d [1999?]
|e 1 microfiche : negative.
|
| 530 |
|
|
|a Also available via Internet from the GPO Access web site. Address as of 4/24/03: http://frwebgate.access.gpo.gov/cgi-bin/getdoc.cgi?dbname=gao&docid=f:ai98128t.pdf; current access is available via PURL.
|
| 500 |
|
|
|a Microform.
|
| 650 |
|
0 |
|a Finance, Public
|z United States
|x Auditing.
|
| 651 |
|
0 |
|a United States
|x Appropriations and expenditures.
|
| 650 |
|
0 |
|a Financial statements, Consolidated
|z United States.
|
| 710 |
1 |
|
|a United States.
|b General Accounting Office.
|
| 710 |
1 |
|
|a United States.
|b Congress.
|b House.
|b Committee on Government Reform and Oversight.
|b Subcommittee on Government Management, Information, and Technology.
|
| 830 |
|
0 |
|a Testimony ;
|v GAO/T-AIMD-98-128.
|
| 856 |
4 |
1 |
|u https://purl.fdlp.gov/GPO/LPS30033
|z Adobe Acrobat Reader required
|t 0
|
| 999 |
|
|
|a MARS
|
| 999 |
f |
f |
|i 53db68f0-7da9-3c13-841d-76c5b3f70f95
|s e2d3d04d-a559-3d9d-a8d4-0ffd6e7a1cd4
|t 0
|
| 952 |
f |
f |
|p normal
|a Texas A&M University
|b College Station
|c Sterling C. Evans Library
|d Evans: US Documents Microfiche (3rd floor)
|t 0
|e GA 1.5/2:T-AIMD-98-128
|h Superintendent of Documents classification
|i microform -- microfiche
|m A14824422019
|
| 952 |
f |
f |
|a Texas A&M University
|b College Station
|c Electronic Resources
|d Available Online
|t 0
|e GA 1.5/2:T-AIMD-98-128
|h Superintendent of Documents classification
|
| 998 |
f |
f |
|a GA 1.5/2:T-AIMD-98-128
|t 0
|l Available Online
|
| 998 |
f |
f |
|a GA 1.5/2:T-AIMD-98-128
|t 0
|l Evans: US Documents Microfiche (3rd floor)
|